Let us learn Numerology/ (Record no. 63811)

MARC details
000 -LEADER
fixed length control field 00548nam a22001457a 4500
005 - DATE AND TIME OF LATEST TRANSACTION
control field 20180713104525.0
020 ## - INTERNATIONAL STANDARD BOOK NUMBER
Terms of availability 150.00
035 ## - SYSTEM CONTROL NUMBER
System control number B-226976,B-226949
037 ## - SOURCE OF ACQUISITION
Stock number DPL
Source of stock number/acquisition ENG
100 ## - MAIN ENTRY--PERSONAL NAME
Personal name Bhatnagar,Anita
245 ## - TITLE STATEMENT
Title Let us learn Numerology/
Statement of responsibility, etc by Anita Bhatnagar
260 ## - PUBLICATION, DISTRIBUTION, ETC. (IMPRINT)
Place of publication, distribution, etc New Delhi
Name of publisher, distributor, etc Ocean Books
Date of publication, distribution, etc 2005
300 ## - PHYSICAL DESCRIPTION
Extent 103p.
Dimensions 23 cms.
942 ## - ADDED ENTRY ELEMENTS (KOHA)
Source of classification or shelving scheme Dewey Decimal Classification
Item type English Books
Classification part 133.335
Call number suffix BHA
Holdings
Withdrawn status Lost status Not for loan Collection code Home library Current library Date acquired Full call number Barcode Cost, replacement price Koha item type Public note Cost, normal purchase price Source of acquisition Copy number
      Non-fiction Sarojini Nagar Sarojini Nagar 06/03/2012 133.335 BHA B-226976 150.00 English Books Withdrawn List Prepared List No.1/7      
      Non-fiction Sarojini Nagar Sarojini Nagar 07/03/2012 133.335 BHA B-226977 150.00 English Books Withdrawn List Prepared List No.1/8 150.00    
      Non-fiction Tri Nagar Tri Nagar 13/07/2018 133.335 BHA B-226949 150.00 English Books   150.00 BPPD/pub 1

© Delhi Public Library
Hit Counter
free hit counter